[Event "Reykjavik Open 2026"]
[Site "Reykjavik ISL"]
[Date "2026.03.25"]
[Round "1.1"]
[White "Tabatabaei, M. Amin"]
[Black "Li, Harry"]
[Result "1-0"]
[WhiteTitle "GM"]
[WhiteElo "2700"]
[BlackElo "2181"]
[WhiteFideId "12521213"]
[BlackFideId "430145"]
[EventDate "2026.03.25"]

1. d4 d5 2. c4 e6 3. Nc3 c5 4. cxd5 exd5 5. Nf3 Nf6 6. Bg5 Be6 7. a3 a6 8. g3
Nc6 9. Bg2 h6 10. Bxf6 Qxf6 11. dxc5 Rd8 12. Na4 g5 13. b4 Bg7 14. Rc1 g4 15.
Nh4 O-O 16. O-O Qe5 17. Qd3 Bf6 18. f4 Qd4+ 19. Kh1 Qxd3 20. exd3 Bxh4 21. gxh4
Nd4 22. Nb6 Nf5 23. h5 Nd4 24. Rfe1 Kg7 25. Kg1 Bf5 26. Kf2 Be6 27. Ke3 Nf5+ 28.
Kd2 Nd4 29. Kc3 Nb5+ 30. Kb2 Nd4 31. a4 Nc6 32. Kb3 a5 33. b5 Nb4 34. Kc3 Na2+
35. Kd4 Nxc1 36. Rxc1 Rb8 37. Re1 Kf6 38. Re5 Rfd8 39. Bh1 Re8 40. Nxd5+ Bxd5
41. Rxe8 Rxe8 42. Bxd5 Re2 43. Bxb7 Rxh2 44. c6 g3 45. c7 Rc2 46. b6 Kf5 47.
c8=Q+ Rxc8 48. Bxc8+ Kxf4 49. b7 1-0

[Event "Reykjavik Open 2026"]
[Site "Reykjavik ISL"]
[Date "2026.03.25"]
[Round "1.2"]
[White "ADU, Oladapo"]
[Black "Deac, Bogdan-Daniel"]
[Result "0-1"]
[WhiteTitle "IM"]
[BlackTitle "GM"]
[WhiteElo "2173"]
[BlackElo "2655"]
[WhiteFideId "8500258"]
[BlackFideId "1226380"]
[EventDate "2026.03.25"]

1. e4 e6 2. d3 d5 3. Nd2 Nc6 4. Ngf3 Nf6 5. e5 Nd7 6. d4 f6 7. Bb5 fxe5 8. dxe5
Be7 9. O-O O-O 10. Qe2 Qe8 11. Re1 a6 12. Bd3 Nc5 13. Nb3 Nxd3 14. cxd3 a5 15.
Be3 a4 16. Nbd4 Nxd4 17. Bxd4 b6 18. Bc3 Ba6 19. Qd1 Qg6 20. Re3 c5 21. d4 Bb5
22. b3 Ra6 23. Rb1 axb3 24. axb3 Ra2 25. Rc1 Qf5 26. Be1 Qf4 27. b4 Ba4 28. Qd3
c4 29. Qb1 Bb3 30. g3 Qf7 31. Rxb3 cxb3 32. Qxb3 Re2 33. Kg2 g5 34. h3 Qf5 35.
Rc7 Rxe1 36. Rxe7 Qe4 37. Qc3 Rxf3 0-1

[Event "Reykjavik Open 2026"]
[Site "Reykjavik ISL"]
[Date "2026.03.25"]
[Round "1.3"]
[White "Tari, Aryan"]
[Black "Burg, Brent"]
[Result "1-0"]
[WhiteTitle "GM"]
[WhiteElo "2642"]
[BlackElo "2169"]
[WhiteFideId "1510045"]
[BlackFideId "1019465"]
[EventDate "2026.03.25"]

1. e4 d6 2. d4 Nf6 3. Nc3 Nbd7 4. f4 e5 5. Nf3 exd4 6. Qxd4 c6 7. Bd2 Qb6 8.
O-O-O Qxd4 9. Nxd4 Nb6 10. h3 Bd7 11. g4 O-O-O 12. Nf3 h6 13. a4 c5 14. g5 Nxe4
15. Nxe4 Bc6 16. Re1 Re8 17. Bb5 Rxe4 18. Bxc6 Rxe1+ 19. Rxe1 bxc6 20. a5 Nd5
21. Re8+ Kd7 22. Ra8 hxg5 23. Nxg5 f6 24. Rxa7+ Nc7 25. Ne6 Kxe6 26. Rxc7 d5 27.
f5+ Kxf5 28. Rc8 Rxh3 29. Kb1 Bd6 30. a6 Rh1+ 31. Ka2 Rh4 32. b3 Be5 33. a7 Rh1
34. c3 Rd1 35. a8=Q Rxd2+ 36. Kb1 1-0

[Event "Reykjavik Open 2026"]
[Site "Reykjavik ISL"]
[Date "2026.03.25"]
[Round "1.4"]
[White "Zhang, Xiao"]
[Black "Ivanchuk, Vasyl"]
[Result "0-1"]
[WhiteTitle "WIM"]
[BlackTitle "GM"]
[WhiteElo "2164"]
[BlackElo "2624"]
[WhiteFideId "8610894"]
[BlackFideId "14100010"]
[EventDate "2026.03.25"]

1. d4 d5 2. Nf3 Nf6 3. c3 c6 4. Bf4 Nh5 5. Be5 Nd7 6. e3 Nxe5 7. dxe5 g6 8. c4
Bg4 9. cxd5 Bxf3 10. Qxf3 Qxd5 11. Qxd5 cxd5 12. Bb5+ Kd8 13. Nc3 e6 14. g4 Ng7
15. e4 a6 16. Ba4 d4 17. Ne2 b5 18. Bb3 Bb4+ 19. Kf1 d3 20. Rd1 d2 21. Nc3 Ke7
22. Rxd2 Rhc8 23. Rd3 Bxc3 24. bxc3 Rc5 25. Ke2 Rxe5 26. Ke3 Rc5 27. Ra1 Rac8
28. Kd2 h5 29. h3 Ne8 30. a4 Nf6 31. f3 Nd7 32. axb5 Ne5 33. Re3 Rxb5 34. Kc2
hxg4 35. f4 Nf3 36. Ba4 Rh5 37. hxg4 Rh2+ 38. Kb3 Nd2+ 39. Kb4 Nc4 40. Rd3 a5+ 0-1

[Event "Reykjavik Open 2026"]
[Site "Reykjavik ISL"]
[Date "2026.03.25"]
[Round "1.5"]
[White "Stefansson, Vignir Vatnar"]
[Black "Jakubek, Peter"]
[Result "1-0"]
[WhiteTitle "GM"]
[WhiteElo "2511"]
[BlackElo "2098"]
[WhiteFideId "2308649"]
[BlackFideId "14901048"]
[EventDate "2026.03.25"]

1. c4 c6 2. Nf3 d5 3. e3 Nf6 4. Nc3 e6 5. b3 Bd6 6. Bb2 Nbd7 7. Qc2 Qe7 8. Be2
a6 9. Rc1 O-O 10. Rg1 e5 11. cxd5 cxd5 12. g4 d4 13. exd4 exd4 14. Nxd4 Nb6 15.
Kf1 Bd7 16. Bf3 Be5 17. Nf5 Qc5 18. d4 Bxd4 19. Nxd4 Qxd4 20. Nd5 Qxd5 21. Bxd5
Nbxd5 22. Rg3 Rac8 23. Qd2 Bc6 24. Qd4 Rfd8 25. Kg1 Ne7 26. Qe3 Nfd5 27. Qe5 f6
28. Qe6+ Kh8 29. g5 Nf4 30. Qg4 Neg6 31. gxf6 Bb5 32. Rxc8 1-0

[Event "Reykjavik Open 2026"]
[Site "Reykjavik ISL"]
[Date "2026.03.25"]
[Round "1.6"]
[White "Lagarde, Maxime"]
[Black "Bech, Havard Eriksen"]
[Result "1-0"]
[WhiteTitle "GM"]
[WhiteElo "2618"]
[BlackElo "2161"]
[WhiteFideId "662399"]
[BlackFideId "1564684"]
[EventDate "2026.03.25"]

1. e4 c5 2. Nf3 d6 3. d4 cxd4 4. Qxd4 Nf6 5. Bg5 e6 6. Nc3 Nc6 7. Bb5 Bd7 8. Qd3
a6 9. Bxc6 Bxc6 10. Nd4 Qc7 11. Bxf6 gxf6 12. O-O O-O-O 13. b4 Bd7 14. b5 a5 15.
Na4 Kb8 16. c4 b6 17. Rab1 Ka7 18. Nc6+ Bxc6 19. bxc6 Rb8 20. Rb5 Qxc6 21. Rfb1
Be7 22. Nxb6 Rxb6 23. Rxb6 Qxb6 24. Rxb6 Kxb6 25. Qb3+ Kc7 26. Qb5 Rb8 27. Qxa5+
Kc8 28. g3 Rb1+ 29. Kg2 Bd8 30. Qa6+ Kd7 31. c5 1-0

[Event "Reykjavik Open 2026"]
[Site "Reykjavik ISL"]
[Date "2026.03.25"]
[Round "1.7"]
[White "Ornolfsson, Magnus P."]
[Black "Maurizzi, MarcAndria"]
[Result "0-1"]
[WhiteTitle "CM"]
[BlackTitle "GM"]
[WhiteElo "2160"]
[BlackElo "2614"]
[WhiteFideId "2301016"]
[BlackFideId "36083534"]
[EventDate "2026.03.25"]

1. e4 c6 2. d4 d5 3. exd5 cxd5 4. Nf3 Nc6 5. c3 Nf6 6. Bd3 Qc7 7. h3 g6 8. O-O
Bf5 9. Re1 Bxd3 10. Qxd3 e6 11. Nbd2 Bd6 12. b4 O-O 13. Nb3 Rac8 14. Bh6 Rfe8
15. Rac1 Bf4 16. Bxf4 Qxf4 17. b5 Ne7 18. c4 dxc4 19. Rxc4 Ned5 20. Rec1 Rcd8
21. Qe2 Qf5 22. Ne5 Nf4 23. Qf3 Qe4 24. Kf1 Qxf3 25. Nxf3 Ne4 26. Rc7 Nd6 27. a4
Nd5 28. R7c2 f6 29. g3 Kf7 30. h4 h6 31. Kg2 Re7 32. Kf1 g5 33. hxg5 hxg5 34.
Kg2 Nf5 35. Nfd2 Red7 36. Rc8 Rxc8 37. Rxc8 Nb6 38. Rb8 Nxa4 39. Ne4 b6 40. Ra8
Nxd4 41. Nxd4 Rxd4 42. Rxa7+ Kg6 43. Nd6 Rxd6 44. Rxa4 Rd5 45. Rb4 f5 46. Kf3
Kf6 47. Ke3 Ke5 48. f4+ gxf4+ 49. gxf4+ Kd6 50. Rb1 Kc5 51. Kf3 e5 52. fxe5 Rxe5
53. Kf4 Rd5 54. Rb2 Kc4 55. Rb1 Rxb5 56. Rc1+ Kd3 57. Rc6 Rb1 58. Kxf5 b5 59.
Kf4 b4 60. Kf3 Rf1+ 61. Kg2 Rf5 62. Rb6 Kc4 63. Rc6+ Rc5 64. Rb6 b3 65. Kf2 Kc3 0-1

[Event "Reykjavik Open 2026"]
[Site "Reykjavik ISL"]
[Date "2026.03.25"]
[Round "1.8"]
[White "Zhou, Jianchao"]
[Black "Pagan, Jonathan"]
[Result "1-0"]
[WhiteTitle "GM"]
[WhiteElo "2584"]
[BlackElo "2159"]
[WhiteFideId "8603537"]
[BlackFideId "30903017"]
[EventDate "2026.03.25"]

1. Nf3 Nf6 2. c4 g6 3. Nc3 Bg7 4. e4 d6 5. d4 O-O 6. Be2 e5 7. O-O Bg4 8. d5 a5
9. Be3 Na6 10. a3 b6 11. Nd2 Bd7 12. Rb1 Ne8 13. b4 f5 14. f3 f4 15. Bf2 g5 16.
bxa5 bxa5 17. a4 Nf6 18. Nb3 Qe8 19. Nxa5 Qg6 20. Nc6 Rf7 21. c5 g4 22. Bxa6
Rxa6 23. Rb8+ Bf8 24. Bh4 Qh6 25. Bxf6 g3 26. h3 Rxf6 27. Qe2 Bxc6 28. dxc6 Rxc6
29. Qa2+ Kg7 30. Nd5 Rf7 31. Nb4 dxc5 32. Nxc6 Qxc6 33. Qd5 Qxa4 34. Qxe5+ Kg6
35. Qe6+ Kg7 36. Qg4+ Kh6 37. h4 Qd4+ 38. Kh1 Qe5 39. Re8 Qg7 40. Re6+ Rf6 41.
Qxf4+ 1-0

[Event "Reykjavik Open 2026"]
[Site "Reykjavik ISL"]
[Date "2026.03.25"]
[Round "1.9"]
[White "Jonsson, Gauti Pall"]
[Black "Yilmaz, Mustafa"]
[Result "0-1"]
[BlackTitle "GM"]
[WhiteElo "2154"]
[BlackElo "2582"]
[WhiteFideId "2309092"]
[BlackFideId "6302718"]
[EventDate "2026.03.25"]

1. e4 c5 2. Nf3 d6 3. Bc4 Nf6 4. Qe2 Nc6 5. h3 e6 6. d3 Be7 7. c3 O-O 8. Bb3 b6
9. O-O Ba6 10. Bf4 Nd7 11. Re1 Nde5 12. Bc2 Rc8 13. Nbd2 Re8 14. Nf1 Bf8 15.
Rad1 Qf6 16. Bxe5 dxe5 17. Ne3 Qe7 18. h4 Red8 19. Ng4 Qc7 20. h5 h6 21. Qe3 Re8
22. Nh4 Be7 23. Qg3 Kh8 24. Bb3 Rcd8 25. Rf1 Bxh4 26. Qxh4 Bxd3 27. Rfe1 b5 28.
a4 a6 29. Re3 c4 30. axb5 axb5 31. Nxh6 gxh6 32. Qf6+ Kh7 33. Rg3 Rg8 0-1

[Event "Reykjavik Open 2026"]
[Site "Reykjavik ISL"]
[Date "2026.03.25"]
[Round "1.10"]
[White "Amar, Elham"]
[Black "Kamp, Adrian"]
[Result "1/2-1/2"]
[WhiteTitle "GM"]
[WhiteElo "2581"]
[BlackElo "2136"]
[WhiteFideId "1533533"]
[BlackFideId "16222466"]
[EventDate "2026.03.25"]

1. e4 c5 2. Nf3 Nc6 3. c3 d5 4. exd5 Qxd5 5. d4 e6 6. Na3 Qd8 7. Bf4 Nf6 8. dxc5
Qxd1+ 9. Rxd1 Bxc5 10. Nc4 Ne4 11. Be3 Bxe3 12. Nxe3 Ke7 13. Bd3 Nf6 14. O-O Rd8
15. Rfe1 g6 16. b4 a6 17. a3 b6 18. Nc4 b5 19. Nce5 Nxe5 20. Nxe5 Bb7 21. c4
bxc4 22. Nxc4 Bd5 23. Na5 Rdc8 24. Rc1 Rxc1 25. Rxc1 Kd6 26. f3 Nd7 27. f4 e5
28. fxe5+ Nxe5 29. Be2 h5 30. h4 f5 31. g3 Nf3+ 32. Kf2 Nd2 33. Ke3 Nb3 34. Nxb3
Bxb3 35. Kf4 Ba4 36. Rc3 Bb5 37. Bf3 Re8 38. Kg5 Re6 39. Bb7 Ke7 40. Bd5 Rd6 41.
Re3+ Kf8 42. Bb3 Be8 43. Kf4 Bf7 44. Ke5 Rd2 45. Rc3 Bxb3 46. Rxb3 Kf7 47. a4
Ke7 48. b5 axb5 49. axb5 Re2+ 50. Kd5 Kd7 51. Rc3 Rb2 52. Kc5 Kc7 53. Re3 Rc2+
54. Kd5 Rf2 55. Ke5 Kb6 56. Rb3 Rf1 57. Rd3 Kxb5 58. Rd6 Re1+ 59. Kf6 Re3 60.
Kxg6 Rxg3+ 61. Kxf5 Rg4 62. Rh6 1/2-1/2

[Event "Reykjavik Open 2026"]
[Site "Reykjavik ISL"]
[Date "2026.03.25"]
[Round "1.11"]
[White "Hammari, Vinjar"]
[Black "Warmerdam, Max"]
[Result "0-1"]
[WhiteTitle "FM"]
[BlackTitle "GM"]
[WhiteElo "2135"]
[BlackElo "2575"]
[WhiteFideId "1552007"]
[BlackFideId "1048104"]
[EventDate "2026.03.25"]

1. e4 c5 2. Nf3 d6 3. d4 cxd4 4. Nxd4 Nf6 5. Nc3 a6 6. Be3 e6 7. g4 h6 8. h3 Nc6
9. Qe2 Nxd4 10. Bxd4 e5 11. Be3 b5 12. Bg2 Be7 13. O-O b4 14. Na4 Bd7 15. Nb6
Bb5 16. Nc4 O-O 17. Rfc1 Rc8 18. b3 d5 19. exd5 Nxd5 20. Qd3 Bxc4 21. bxc4 Nxe3
22. fxe3 Bc5 23. Re1 Qh4 24. Qe4 Rfd8 25. Rad1 Qg3 26. Kf1 Rxd1 27. Rxd1 Bxe3
28. Qf5 g6 29. Qxc8+ Kg7 30. Ke2 Qf2+ 31. Kd3 Bf4 32. c3 b3 33. c5 Qc2+ 34. Kc4
Qxd1 35. Bd5 bxa2 36. Bxf7 Qa4+ 37. Kd3 e4+ 0-1

[Event "Reykjavik Open 2026"]
[Site "Reykjavik ISL"]
[Date "2026.03.25"]
[Round "1.12"]
[White "Livaic, Leon"]
[Black "Decosse, Jean-Fabien"]
[Result "1-0"]
[WhiteTitle "GM"]
[BlackTitle "CM"]
[WhiteElo "2571"]
[BlackElo "2133"]
[WhiteFideId "14531534"]
[BlackFideId "622583"]
[EventDate "2026.03.25"]

1. b3 d6 2. Bb2 Nf6 3. d4 Nbd7 4. Nf3 g6 5. Nbd2 c5 6. d5 b5 7. e4 a6 8. a4 b4
9. a5 Bg7 10. Nc4 O-O 11. Bd3 Ng4 12. Bxg7 Kxg7 13. O-O Nge5 14. Nfxe5 Nxe5 15.
Nb6 Ra7 16. f4 Nxd3 17. Qxd3 Bd7 18. Rfe1 Bb5 19. Qd2 Qc7 20. Rac1 Kg8 21. c3
bxc3 22. Rxc3 Qd8 23. e5 Rb7 24. h4 dxe5 25. fxe5 e6 26. d6 Qxh4 27. Rxc5 f6 28.
Rc7 Rbb8 29. Qf2 Qb4 30. exf6 Qxd6 31. Rg7+ Kh8 32. Nc4 Bxc4 33. Qa7 Rf7 34.
Rxf7 1-0

[Event "Reykjavik Open 2026"]
[Site "Reykjavik ISL"]
[Date "2026.03.25"]
[Round "1.13"]
[White "Lilliehook, Victor"]
[Black "Andersen, Mads"]
[Result "0-1"]
[BlackTitle "GM"]
[WhiteElo "2128"]
[BlackElo "2562"]
[WhiteFideId "1752103"]
[BlackFideId "1413864"]
[EventDate "2026.03.25"]

1. e4 c5 2. Nf3 d6 3. d4 cxd4 4. Nxd4 Nf6 5. Nc3 a6 6. f4 e5 7. Nb3 Nbd7 8. g4
d5 9. exd5 Nb6 10. g5 Nfxd5 11. Bg2 Nxf4 12. Qxd8+ Kxd8 13. Bxf4 exf4 14. O-O
Kc7 15. Rxf4 Be6 16. Nd4 Bc5 17. Kh1 Bxd4 18. Rxd4 h6 19. Ne4 Rad8 20. Rad1 Rxd4
21. Rxd4 Bd5 22. b3 Re8 23. h4 hxg5 24. hxg5 Re5 25. Kh2 Bc6 26. Kg3 Bxe4 27.
Rxe4 Rxg5+ 28. Kh2 Nc8 29. Rc4+ Kb8 30. Rd4 Rc5 31. c4 Kc7 32. b4 Re5 33. Bh3 f5
34. Rf4 Ne7 35. Rh4 g5 36. Rh5 Re2+ 37. Kg3 g4 38. Bf1 Rxa2 39. Rh7 Kd7 40. c5
Rb2 41. c6+ bxc6 42. Bxa6 Rxb4 43. Kh4 Ke6 44. Bd3 g3+ 45. Kh3 f4 46. Be2 Rb2
47. Bc4+ Kd6 48. Rg7 Nf5 49. Rg6+ Kc5 50. Bd3 Ne3 0-1

[Event "Reykjavik Open 2026"]
[Site "Reykjavik ISL"]
[Date "2026.03.25"]
[Round "1.14"]
[White "Xiao, Tong(QD)"]
[Black "Harish, Neeraj"]
[Result "1-0"]
[WhiteTitle "GM"]
[BlackTitle "CM"]
[WhiteElo "2555"]
[BlackElo "2121"]
[WhiteFideId "8622388"]
[BlackFideId "30958130"]
[EventDate "2026.03.25"]

1. e4 c5 2. Nf3 e6 3. d4 cxd4 4. Nxd4 Nf6 5. Nc3 Nc6 6. Ndb5 Bc5 7. Nd6+ Ke7 8.
Bf4 e5 9. Nf5+ Kf8 10. Bg5 d6 11. Bc4 Be6 12. Bb3 h6 13. Bxf6 Qxf6 14. Ne3 g6
15. Qd2 Kg7 16. O-O-O Nd4 17. Bxe6 fxe6 18. Na4 Rhd8 19. c3 Nc6 20. Nxc5 dxc5
21. Qe2 a6 22. h4 Qf4 23. f3 b5 24. h5 g5 25. Kc2 b4 26. Ng4 bxc3 27. bxc3 Qf7
28. Qc4 Qe7 29. Rxd8 Rxd8 30. Rd1 Rxd1 31. Kxd1 Qd6+ 32. Ke2 Nd8 33. Qd3 Qb8 34.
Nxe5 Qxe5 35. Qxd8 Qg3 36. Qe7+ Kh8 37. Qf6+ Kh7 38. Qg6+ Kh8 39. Qxh6+ Kg8 40.
Qxe6+ Kh7 41. Qg4 1-0

[Event "Reykjavik Open 2026"]
[Site "Reykjavik ISL"]
[Date "2026.03.25"]
[Round "1.15"]
[White "Bartczak, Korneliusz"]
[Black "Sanal, Vahap"]
[Result "0-1"]
[BlackTitle "GM"]
[WhiteElo "2120"]
[BlackElo "2551"]
[WhiteFideId "2523558"]
[BlackFideId "6300545"]
[EventDate "2026.03.25"]

1. e4 d6 2. d4 Nf6 3. Nc3 e5 4. Nf3 Nbd7 5. g4 g6 6. g5 Nh5 7. Be3 Bg7 8. Qd2 c6
9. O-O-O Qc7 10. Be2 O-O 11. Nh4 Nf4 12. Bxf4 exf4 13. Qxf4 b5 14. Nf3 b4 15.
Nb1 c5 16. dxc5 Nxc5 17. Qxd6 Qxd6 18. Rxd6 Nxe4 19. Rc6 Bg4 20. Rg1 Bh5 21. Rc4
Rfe8 22. Bd1 Nxf2 23. Nbd2 a5 24. Rf1 Ng4 25. Re4 Rxe4 26. Nxe4 Ne3 27. Rf2 Re8
28. Ng3 Bxb2+ 29. Kd2 Bc3+ 30. Kc1 Nxd1 0-1

[Event "Reykjavik Open 2026"]
[Site "Reykjavik ISL"]
[Date "2026.03.25"]
[Round "1.16"]
[White "Tiglon, Bryce"]
[Black "Brodtkorb, Lars Johan"]
[Result "1-0"]
[WhiteTitle "GM"]
[WhiteElo "2550"]
[BlackElo "2118"]
[WhiteFideId "2087456"]
[BlackFideId "1522728"]
[EventDate "2026.03.25"]

1. e4 e5 2. Nf3 Nc6 3. Bb5 a6 4. Ba4 d6 5. O-O Bd7 6. c4 Nf6 7. Nc3 Bg4 8. h3
Bxf3 9. Qxf3 Nd7 10. Bxc6 bxc6 11. d3 g6 12. Be3 Bg7 13. Qd1 O-O 14. d4 exd4 15.
Bxd4 Bxd4 16. Qxd4 a5 17. b3 Qf6 18. Qd2 Rfe8 19. Rae1 Nc5 20. f4 Rad8 21. Rf3
Qh4 22. Ree3 Rd7 23. Kh2 Rde7 24. Qe2 Ne6 25. g3 Qh6 26. Rf1 f5 27. Re1 g5 28.
Qf2 gxf4 29. gxf4 Qxf4+ 30. Qxf4 Nxf4 31. Rf1 Ng6 32. Rxf5 Ne5 33. Rg3+ Rg7 34.
Rxg7+ Kxg7 35. Kg3 Re6 36. Ne2 Rg6+ 37. Kf2 a4 38. Nf4 axb3 39. axb3 Rh6 40. Kg3
Kg8 41. Kf2 Nf7 42. Ra5 c5 43. Ra8+ Kg7 44. Ra7 Ng5 45. Rxc7+ Kf6 46. Ke3 Ne6
47. e5+ dxe5 48. Nd5+ Kg5 49. Re7 Rxh3+ 50. Ke4 Nd4 51. Rxe5+ Kh6 52. b4 Rh4+
53. Kd3 cxb4 54. Nxb4 Kg6 55. Nd5 Nf5 56. c5 Rd4+ 57. Kc3 Rd1 58. Rxf5 Kxf5 59.
Ne3+ Ke4 60. Nxd1 Kd5 61. Kb4 Kc6 62. Ne3 h5 63. Ng2 Kc7 64. Kb5 Kb7 65. c6+ Kc7
66. Kc5 Kc8 67. Kb6 Kb8 68. c7+ Kc8 69. Nh4 1-0

[Event "Reykjavik Open 2026"]
[Site "Reykjavik ISL"]
[Date "2026.03.25"]
[Round "1.17"]
[White "Baert, Andy"]
[Black "Can, Emre"]
[Result "0-1"]
[WhiteTitle "FM"]
[BlackTitle "GM"]
[WhiteElo "2117"]
[BlackElo "2541"]
[WhiteFideId "200107"]
[BlackFideId "6302181"]
[EventDate "2026.03.25"]

1. e4 c5 2. Nf3 d6 3. d4 cxd4 4. Nxd4 Nf6 5. Nc3 g6 6. Be3 Bg7 7. f3 a6 8. Qd2
h5 9. a4 Nc6 10. Be2 O-O 11. O-O d5 12. Rfd1 Nxd4 13. Qxd4 Nxe4 14. Qxd5 Nd6 15.
Qb3 Be6 16. Nd5 Rc8 17. c3 Re8 18. c4 Bxd5 19. Rxd5 Qc7 20. Rc1 Nf5 21. Bf2 e6
22. Rc5 Qf4 23. Rd1 Nd4 24. Rxc8 Nxe2+ 25. Kf1 Rxc8 26. Kxe2 Rxc4 27. Bg3 Rb4
28. Qc2 Rxb2 0-1

[Event "Reykjavik Open 2026"]
[Site "Reykjavik ISL"]
[Date "2026.03.25"]
[Round "1.18"]
[White "Cornette, Matthieu"]
[Black "Bombek, Peter"]
[Result "1-0"]
[WhiteTitle "GM"]
[BlackTitle "FM"]
[WhiteElo "2535"]
[BlackElo "2112"]
[WhiteFideId "620084"]
[BlackFideId "14902230"]
[EventDate "2026.03.25"]

1. d4 d5 2. Nf3 Nf6 3. Bf4 c5 4. e3 Nc6 5. Nbd2 Qb6 6. dxc5 Qxb2 7. Rb1 Qc3 8.
Bb5 e6 9. O-O Bd7 10. Bd3 Be7 11. Rxb7 Na5 12. Be5 Qxc5 13. Nb3 Nxb3 14. cxb3
O-O 15. Qb1 Qc8 16. Rc7 Qd8 17. Rfc1 h6 18. Nd4 a6 19. b4 Ng4 20. Bg3 Bf6 21.
Nc6 Bxc6 22. R7xc6 d4 23. Rd6 Qe7 24. exd4 e5 25. Rdc6 Bg5 26. Re1 Qd7 27. Rxa6
Rxa6 28. Bxa6 f5 29. Bxe5 f4 30. Bc4+ Kh8 31. Be6 1-0

[Event "Reykjavik Open 2026"]
[Site "Reykjavik ISL"]
[Date "2026.03.25"]
[Round "1.19"]
[White "Sorensen, Per Settergren"]
[Black "Maze, Sebastien"]
[Result "0-1"]
[BlackTitle "GM"]
[WhiteElo "2110"]
[BlackElo "2530"]
[WhiteFideId "1413872"]
[BlackFideId "613762"]
[EventDate "2026.03.25"]

1. d4 Nf6 2. Nc3 d5 3. Bf4 a6 4. e3 Bf5 5. Nf3 e6 6. Ne5 Nbd7 7. g4 Nxe5 8. gxf5
Nc6 9. fxe6 fxe6 10. Bh3 Qe7 11. Qd3 O-O-O 12. O-O-O Kb8 13. Bg5 Na5 14. Ne2 Nc4
15. Bxf6 gxf6 16. Nf4 f5 17. Qc3 Bh6 18. Bf1 Nd6 19. Nd3 Ne4 20. Qe1 c5 21. f3
cxd4 22. fxe4 dxe3 23. Be2 dxe4 24. Qg3+ Ka8 25. Nf4 Rdg8 26. Qxe3 e5 27. Qb3
exf4 28. Bc4 f3+ 29. Kb1 Rg6 30. Qa4 Rd8 31. Qa5 Rgd6 32. Bd5 f2 33. Qxa6+ Rxa6 0-1

[Event "Reykjavik Open 2026"]
[Site "Reykjavik ISL"]
[Date "2026.03.25"]
[Round "1.20"]
[White "Suleymenov, Alisher"]
[Black "Karason, Askell O"]
[Result "1/2-1/2"]
[WhiteTitle "GM"]
[BlackTitle "IM"]
[WhiteElo "2523"]
[BlackElo "2109"]
[WhiteFideId "13707833"]
[BlackFideId "2300567"]
[EventDate "2026.03.25"]

1. d4 Nf6 2. c4 e6 3. Nc3 Bb4 4. e3 O-O 5. Bd3 d5 6. a3 dxc4 7. Bxc4 Bxc3+ 8.
bxc3 c5 9. Nf3 b6 10. Bb2 Ba6 11. Bxa6 Nxa6 12. Qe2 Qc8 13. O-O Qb7 14. Nd2 Rac8
15. e4 cxd4 16. cxd4 Rc2 17. Rab1 Rd8 18. Qd3 Rcc8 19. Qe3 Nc7 20. Rfe1 Nce8 21.
a4 Qd7 22. a5 bxa5 23. Nb3 Rb8 24. Nc5 Qb5 25. Nd3 Rdc8 26. h3 a4 27. Ra1 Nd6
28. Qf3 Nc4 29. Bc3 Nb6 30. Bb4 Rc4 31. Be7 Nbd7 32. Qe3 Rc3 33. Red1 Qc6 34.
Bxf6 Nxf6 35. Ne5 Qc7 36. Rd3 Rxd3 37. Qxd3 Rb3 38. Qa6 a3 39. Qa4 Qb7 40. Kh2
g6 41. f3 Qb6 42. Ra2 a5 43. Rxa3 Rxa3 44. Qxa3 Qxd4 45. Qxa5 Qd6 46. f4 Qb8 47.
Qa4 g5 48. Qd4 gxf4 49. Nc6 Qc7 50. Qxf6 Qxc6 51. Qxf4 Qd7 52. h4 Qd1 53. Qg5+
Kf8 54. h5 Qd6+ 55. e5 Qd3 56. h6 Ke8 57. Qh4 Qf5 58. Qa4+ Ke7 59. Qa3+ Ke8 60.
Qe3 Qh5+ 61. Kg1 Qd1+ 62. Kf2 Qc2+ 63. Kf3 Qf5+ 64. Qf4 Qd3+ 65. Kf2 Qc2+ 66.
Kg1 Qd1+ 67. Kh2 Qh5+ 68. Kg3 Qe2 69. Qg5 Qd3+ 70. Kh2 Qe4 71. Qf6 Qf5 72. Qg7
Qh5+ 73. Kg3 Qf5 74. Kh4 Qe4+ 75. Kh3 Qf5+ 76. Kg3 Qd3+ 77. Kh4 Qe4+ 78. Kh5
Qe2+ 79. Kh4 Qe4+ 80. Kh3 Qd3+ 81. Kh2 Qe4 82. Qg8+ Ke7 83. Qg5+ Ke8 84. Kh3
Qd3+ 85. Kh4 Qe4+ 86. Kh5 Qe2+ 87. Kh4 Qe4+ 88. Kg3 Qd3+ 89. Kf2 Qf5+ 90. Qxf5
exf5 91. Ke3 Ke7 92. Kd4 Ke6 93. g3 f6 94. exf6 Kxf6 95. Kd5 Kg6 96. Ke5 Kxh6
97. Kxf5 Kg7 98. Kg5 Kf7 99. Kh6 Kg8 100. g4 Kh8 101. g5 Kg8 102. g6 hxg6 103.
Kxg6 1/2-1/2

[Event "Reykjavik Open 2026"]
[Site "Reykjavik ISL"]
[Date "2026.03.25"]
[Round "1.21"]
[White "Rutkowski, Feliks"]
[Black "Chasin, Nico"]
[Result "1/2-1/2"]
[BlackTitle "IM"]
[WhiteElo "2103"]
[BlackElo "2523"]
[WhiteFideId "21064920"]
[BlackFideId "30908477"]
[EventDate "2026.03.25"]

1. e4 c5 2. Nf3 d6 3. d4 cxd4 4. Nxd4 Nf6 5. Nc3 a6 6. a4 e5 7. Nf3 h6 8. Bc4
Be6 9. Bb3 Be7 10. O-O Nbd7 11. Be3 O-O 12. h3 Rc8 13. Re1 Qa5 14. Nd2 Rfd8 15.
Qe2 d5 16. exd5 Nxd5 17. Nxd5 Bxd5 18. Bxd5 Qxd5 19. c3 f5 20. Red1 Qf7 21. Nf3
Bf6 22. Qc2 Qe6 23. Re1 e4 24. Nd4 Qd5 25. Red1 Nc5 26. Ne2 Qc4 27. Rxd8+ Bxd8
28. Nf4 g5 29. Ne2 Nd3 30. Rd1 Bf6 31. b3 Qd5 32. c4 f4 33. Bd2 Qc5 34. Rf1 Rd8
35. Bc3 Be7 36. Nc1 Qf5 37. Nxd3 Rxd3 38. Rd1 Bc5 39. Rxd3 exd3 40. Qd1 Qe4 41.
Qg4 Kf7 42. Qh5+ Ke7 43. Qxh6 Bd4 44. Qxg5+ Kd7 45. Bd2 Bxf2+ 46. Kxf2 Qe2+ 47.
Kg1 Qxd2 48. Qd5+ 1/2-1/2

[Event "Reykjavik Open 2026"]
[Site "Reykjavik ISL"]
[Date "2026.03.25"]
[Round "1.22"]
[White "Wadsworth, Matthew J"]
[Black "Heidarsson, Arnar Milutin"]
[Result "1-0"]
[WhiteTitle "GM"]
[WhiteElo "2522"]
[BlackElo "2099"]
[WhiteFideId "415804"]
[BlackFideId "2312875"]
[EventDate "2026.03.25"]

1. Nf3 Nf6 2. g3 d5 3. Bg2 e6 4. c4 Bd6 5. O-O O-O 6. d4 Nc6 7. b3 a5 8. Nc3 Re8
9. Nb5 b6 10. Bb2 Bb7 11. Rc1 Ne4 12. Ne5 Na7 13. a4 f6 14. cxd5 exd5 15. Nxd6
Nxd6 16. Nd3 Qd7 17. Rc2 Rac8 18. Nf4 Qf7 19. Qc1 c6 20. Ba3 Rcd8 21. Bxd6 Rxd6
22. Qa3 Rdd8 23. b4 Qe7 24. Rb1 Ba6 25. Qc3 g5 26. bxa5 gxf4 27. axb6 Nc8 28.
Qxc6 Bb7 29. Qb5 fxg3 30. hxg3 Nd6 31. Bxd5+ Kh8 32. Qb3 Bxd5 33. Qxd5 Ne4 34.
Qf5 Nd6 35. Qf3 Ne4 36. Rc7 Qd6 37. Rb5 Rd7 38. Rxd7 Qxd7 39. b7 1-0